ბათუმის შოთა რუსთაველის სახელმწიფო უნივერსიტეტის ბიბლიოთეკა

მოთხრობები (ბიბ.ჩანაწერი № 49980)

000 -LEADER
fixed length control field 01026nam a2200217Ia 4500
001 - CONTROL NUMBER
control field 16916
003 - CONTROL NUMBER IDENTIFIER
control field GE_BSU
008 - FIXED-LENGTH DATA ELEMENTS--GENERAL INFORMATION
fixed length control field 181216s||||||||xx |||||||||||||| ||und||
040 ## - CATALOGING SOURCE
Transcribing agency GE_BSU
080 ## - UNIVERSAL DECIMAL CLASSIFICATION NUMBER
Universal Decimal Classification number 821.161.1-32
100 ## - MAIN ENTRY--PERSONAL NAME
Personal name ჩეხოვი, ა.პ.
245 ## - TITLE STATEMENT
Title მოთხრობები
260 ## - PUBLICATION, DISTRIBUTION, ETC.
Place of publication, distribution, etc. ბათუმი
260 ## - PUBLICATION, DISTRIBUTION, ETC.
Name of publisher, distributor, etc. საბჭ. აჭარა
260 ## - PUBLICATION, DISTRIBUTION, ETC.
Date of publication, distribution, etc. 1985
300 ## - PHYSICAL DESCRIPTION
Extent 106გვ. ; 21სმ
653 ## - INDEX TERM--UNCONTROLLED
Uncontrolled term მოთხრობები
653 ## - INDEX TERM--UNCONTROLLED
Uncontrolled term მოხელის სიკვდილი; მსუქანი და გამხდარი; რეპეტიტორი; ქამელეონი; ნიღაბი; ღლაბუტა; ბოროტგამზრახველი;
653 ## - INDEX TERM--UNCONTROLLED
Uncontrolled term უნტერი პრიშიბეევი; ძახილის ნიშანი; სანაძლეო; კაცი ფუტლიარში; სულიკო; მწვანე კონცხი; ტრამალი
942 ## - ADDED ENTRY ELEMENTS (KOHA)
Koha item type წიგნი
ეგზემპლარები
Withdrawn status Lost status Damaged status Not for loan Date acquired Barcode Date last seen Price effective from Koha item type
        2018-12-17 21961 2018-12-17 2018-12-17 წიგნი
        2018-12-17 21962 2018-12-17 2018-12-17 წიგნი
        2018-12-17 21963 2018-12-17 2018-12-17 წიგნი
        2018-12-17 21964 2018-12-17 2018-12-17 წიგნი
        2018-12-17 21965 2018-12-17 2018-12-17 წიგნი